| 000 | 00887nam a2200229 i 4500 | ||
|---|---|---|---|
| 001 | 18772 | ||
| 003 | ES-MaACL | ||
| 005 | 20250902064653.0 | ||
| 007 | t| | ||
| 008 | 020313s2001 sp ||||1| spa d | ||
| 080 | _a658(460.27)(091) | ||
| 100 | 1 |
_aArribas Alvarez, José Francisco. _923288 |
|
| 245 | 1 | 4 |
_aLas empresas más antiguas de Madrid / _cJosé Francisco Arribas Alvarez ; ilustraciones de Estrella Fernández Alvarez. |
| 260 |
_aMadrid : _bFundación Beneficentia et Perita Iuris : _bColegio de Registradores, _c[2001] |
||
| 300 |
_a223 p. : _bil. ; _c31 cm. |
||
| 650 | 1 | 4 |
_aEmpresas- _zMadrid _912226 |
| 700 | 1 |
_aFernández Alvarez, Estrella. _949454 |
|
| 710 | 2 |
_aFundación Beneficentia et Perita Iuris. _94232 |
|
| 710 | 2 |
_aColegio de Registradores de la Propiedad y Mercantiles de España. _92938 |
|
| 852 |
_aES-MaACL _jL-25263 _bR.131156 |
||
| 999 |
_c18772 _d18772 |
||